Rhymes With Ear - Statistics

General Stats
  • This quiz has been taken 430 times
  • The average score is 26 of 30
Answer Stats
Hint Answer % Correct
B Beer
98%
F Fear
98%
N Near
98%
D Dear
97%
H Hear
97%
D Deer
96%
G Gear
96%
T Tear
96%
R Rear
95%
Y Year
95%
P Peer
94%
H Here
92%
Q Queer
92%
C Clear
91%
L Leer
91%
S Steer
91%
J Jeer
90%
C Cheer
88%
M Mere
88%
L Lear
87%
S Sear
87%
S Spear
85%
S Sheer
78%
S Smear
77%
P Pier
74%
S Sneer
72%
W We're
71%
S Shear
66%
T Tier
65%
S Sphere
28%
No matching quizzes found
Score Distribution
Percent of People with Each Score
Percentile by Number Answered
Your Score History
You have not taken this quiz